Can you name all these fruits? HARD!! - Statistics

General Stats
  • This quiz has been taken 21 times
  • The average score is 6 of 16
Answer Stats
Picture Answer % Correct
Pear
95%
Coconut
80%
Durian
75%
Honeydew
75%
Jackfruit
50%
Kumquat
45%
Rambutan
45%
Mangosteen
30%
Persimmon
30%
Custard apple
25%
Cherimoya
20%
Horned melon
15%
Pomello
15%
Rockmelon
10%
Longan
5%
Loquat
5%
No matching quizzes found
Score Distribution
Percent of People with Each Score
Percentile by Number Answered
Your Score History
You have not taken this quiz